00642nam a22001457a 4500008004100000020001800041050001600059100001900075245008800094260003700182300003000219500001900249505018200268650004600450140507b xxu||||| |||| 00| 0 eng d a9780199548798 aHM851b.O98 aMansell, Robin aThe Oxford handbook of information and communication technologies. /cRobin Mansell aNew York:bPrentice Hall,c2008. axxi, 620p.:bills;c24cm. aIncludes index aContents: The Knowledge economy and ICTs -- Organizational dynamics, strategy, design and ICTs -- Governance, democracy, and ICTs -- Culture, community and new media literacies. aInformation and communication technology